Mobilná aplikácia na zdieľanie informácií o bezpečnosti pri cestovaní

Salvato in:
Dettagli Bibliografici
Autore principale: Hampel, Martin (Autore)
Altri autori: Hudec, Ján (Relatore della tesi)
Natura: Manoscritto Libro
Lingua:slovacco
Pubblicazione: 2022
Soggetti:
Accesso online:http://is.stuba.sk/zp/portal_zp.pl?podrobnosti=148373
Tags: Aggiungi Tag
Nessun Tag, puoi essere il primo ad aggiungerne!!

MARC

LEADER 00000ntm a22000003a 4500
001 stuzp87999
003 SK-STU
005 20220625210713.3
007 ta
008 150427s2015----xo-----f-mn---000-0-slo-d
040 |a STU  |b slo 
041 0 |a slo 
100 1 |a Hampel, Martin  |u 070400  |4 aut  |U FIIT Fakulta informatiky a informačných technológií  |T FIIT Ústav počítačového inžinierstva a aplikovanej informatiky  |X 96871  |U I400  |Y 672  |7 96871 
242 0 1 |a Mobile application for sharing travel safety information  |y eng 
245 1 0 |a Mobilná aplikácia na zdieľanie informácií o bezpečnosti pri cestovaní 
260 |c 2022 
650 4 |a Mobilná aplikácia  |2 slo 
650 4 |a Bezpečnosť  |2 slo 
650 4 |a Zdieľanie polohy  |2 slo 
650 4 |a Mobile application  |2 eng 
650 4 |a Security  |2 eng 
650 4 |a Sharing location  |2 eng 
700 1 |a Hudec, Ján  |u 070400  |k Z1  |4 ths  |U FIIT Fakulta informatiky a informačných technológií  |T FIIT Ústav počítačového inžinierstva a aplikovanej informatiky  |X 1995  |U I400  |Y 672  |7 A000001995 
856 4 |u http://is.stuba.sk/zp/portal_zp.pl?podrobnosti=148373